Choix de problèmes de mathématiques
Salvato in:
| Autori principali: | , |
|---|---|
| Natura: | Libro |
| Lingua: | francese |
| Pubblicazione: |
París
Masson
1962
|
| Soggetti: | |
| Tags: |
Aggiungi Tag
Nessun Tag, puoi essere il primo ad aggiungerne!!
|
MARC
| LEADER | 00000nam a2200000 a 4500 | ||
|---|---|---|---|
| 001 | UCQ9423 | ||
| 003 | CL-VaPUC | ||
| 008 | 990112e19620000FR |||||||||||||||||fre|d | ||
| 082 | 0 | 4 | |a 510 |b BAL |2 21 |
| 100 | 0 | |a Balliccioni, A |e author |9 423960 | |
| 700 | 0 | |a Chazel, M |e author |9 423961 | |
| 245 | 1 | 0 | |a Choix de problèmes de mathématiques |
| 300 | |a 220 p | ||
| 942 | |c BK | ||
| 945 | |d 19990112 00:00:00 |a crobeson | ||
| 260 | |a París |b Masson |c 1962 | ||
| 650 | 0 | |a Matemática |9 260235 | |
| 650 | 0 | |a Geometría |9 264063 | |
| 650 | 7 | |a PROBLEMAS |2 CL-VaPUC |9 269806 | |
| 650 | 0 | |a Ejercicios |9 269807 | |
| 583 | |a last modification |c 19990112 00:00:00 |k Rodrigo Vera | ||
| 999 | |c 278434 |d 278432 | ||
| 952 | |0 0 |1 0 |4 0 |6 510_000000000000000_BAL_1962 |7 0 |8 A |9 316968 |a BIBMAT |b BIBMAT |d 2019-11-20 |i 131422K |o 510 BAL 1962 |p 131422K |r 2025-01-07 |w 2019-11-20 |y BK |k MAT | ||